<?xml version="1.0" encoding="UTF-8"?>
<record
    xmlns:xsi="http://www.w3.org/2001/XMLSchema-instance"
    xsi:schemaLocation="http://www.loc.gov/MARC21/slim http://www.loc.gov/standards/marcxml/schema/MARC21slim.xsd"
    xmlns="http://www.loc.gov/MARC21/slim">

  <leader>03335nab a2200337 i 4500</leader>
  <controlfield tag="003">BR-BrBNA</controlfield>
  <controlfield tag="005">20240710134318.0</controlfield>
  <controlfield tag="008">240710b2017    bl.|r|pooa||| 00| 0 eng |</controlfield>
  <datafield tag="040" ind1=" " ind2=" ">
    <subfield code="a">BR-BrBNA</subfield>
    <subfield code="b">eng</subfield>
  </datafield>
  <datafield tag="072" ind1=" " ind2=" ">
    <subfield code="a">L10</subfield>
    <subfield code="b">5240</subfield>
  </datafield>
  <datafield tag="100" ind1=" " ind2=" ">
    <subfield code="a">Holanda, G.M.L. </subfield>
  </datafield>
  <datafield tag="100" ind1=" " ind2=" ">
    <subfield code="a">Oliveira, J.C. </subfield>
  </datafield>
  <datafield tag="100" ind1=" " ind2=" ">
    <subfield code="a">Silva,  D.M.F. </subfield>
  </datafield>
  <datafield tag="100" ind1=" " ind2=" ">
    <subfield code="a">Rocha, S.S.N. </subfield>
  </datafield>
  <datafield tag="100" ind1=" " ind2=" ">
    <subfield code="a">Pandolfi, V. </subfield>
  </datafield>
  <datafield tag="100" ind1=" " ind2=" ">
    <subfield code="a">Adri&#xE3;o, M. </subfield>
  </datafield>
  <datafield tag="100" ind1=" " ind2=" ">
    <subfield code="a">Wischral,  A. </subfield>
  </datafield>
  <datafield tag="245" ind1=" " ind2=" ">
    <subfield code="a">Survey of mutations in prolificacy genes in Santa Ines and Morada Nova sheep</subfield>
  </datafield>
  <datafield tag="500" ind1=" " ind2=" ">
    <subfield code="a">Publica&#xE7;&#xE3;o online; 23 ref.; Summaries (En, Pt)</subfield>
  </datafield>
  <datafield tag="520" ind1=" " ind2=" ">
    <subfield code="a">

ABSTRACT - Polymorphisms in the BMP-15 gene related to Galway (FecXG) and Inverdale (FecXI) and in the BMPR-1B gene known as Booroola (FecB) mutations were investigated using the Polymerase Chain Reaction - Restriction Fragment Length Polymorphism (PCR-RFLP) method, on sheep from the breeds Santa In&#xEA;s (n= 574) and Morada Nova (n=282). DNA was extracted and amplified through PCR with specific primers that introduced a restriction site in association with the mutation. The PCR products were submitted to endonucleases. The experiment found no FecXG and FecXI mutations. Six samples of animals with multiple offspring/birth history presented polymorphism for FecB similar to control samples, but this pattern was not confirmed by nucleotide sequencing. Although the absence of these mutations in the studied breeds, other factors related to prolificacy should be investigated to explain the inherent prolificity mechanisms.


Keywords: Galway, Inverdale, Booroola, sheep, prolificacy gene, Santa In&#xEA;s, Morada Nova</subfield>
  </datafield>
  <datafield tag="520" ind1=" " ind2=" ">
    <subfield code="a">

RESUMO - Polimorfismos Galway (FecXG) e Inverdale (FecXI), relacionados ao gene BMP-15, e Booroola (FecB), localizado no gene BMPR-1B, foram investigados usando-se a t&#xE9;cnica de rea&#xE7;&#xE3;o em cadeia da polimerase &#x2013; polimorfismo de comprimento de fragmentos de restri&#xE7;&#xE3;o (PCR-RFLP), em ovelhas Santa In&#xEA;s (n= 574) e Morada Nova (n=282). O DNA foi extra&#xED;do e amplificado por PCR com iniciadores espec&#xED;ficos, que introduziram um s&#xED;tio de restri&#xE7;&#xE3;o associado &#xE0; muta&#xE7;&#xE3;o, em seguida os amplicons foram submetidos &#xE0; a&#xE7;&#xE3;o de endonucleases. N&#xE3;o foram observadas as muta&#xE7;&#xF5;es FecXG e FecXI nas amostras estudadas. Amostras de seis animais com hist&#xF3;rico de partos gemelares apresentaram polimorfismo para FecB semelhantes &#xE0;s amostras controle, mas esse padr&#xE3;o n&#xE3;o foi confirmado pelo sequenciamento de nucleot&#xED;deos. Apesar da aus&#xEA;ncia dessas muta&#xE7;&#xF5;es nos animais das ra&#xE7;as estudadas, outros fatores relacionados &#xE0; prolificidade devem ser pesquisados para explicar os mecanismos da alta prolificidade desses animais.


Palavras-chave: Galway, Inverdale, Booroola, ovelha, gene da prolificidade, Santa In&#xEA;s, Morada Nova</subfield>
  </datafield>
  <datafield tag="650" ind1=" " ind2=" ">
    <subfield code="a">OVELHA</subfield>
  </datafield>
  <datafield tag="650" ind1=" " ind2=" ">
    <subfield code="a">LINHAGEM</subfield>
  </datafield>
  <datafield tag="650" ind1=" " ind2=" ">
    <subfield code="a">GENE</subfield>
  </datafield>
  <datafield tag="650" ind1=" " ind2=" ">
    <subfield code="a">MUTA&#xC7;&#xC3;O</subfield>
  </datafield>
  <datafield tag="650" ind1=" " ind2=" ">
    <subfield code="a">REPRODU&#xC7;&#xC3;O ANIMAL</subfield>
  </datafield>
  <datafield tag="773" ind1="0" ind2=" ">
    <subfield code="0">1643</subfield>
    <subfield code="9">316242</subfield>
    <subfield code="d">Belo Horizonte-MG Universidade Federal de Minas Gerais - Escola de Veterinaria 1983</subfield>
    <subfield code="o">2024-2643</subfield>
    <subfield code="t">Arquivo Brasileiro de Medicina Veterin&#xE1;ria e Zootecnia (Brazil)</subfield>
    <subfield code="x">0102-0935</subfield>
    <subfield code="g">v. 69(4) p. 1047-1053; (2017)</subfield>
    <subfield code="w">BR2024001672</subfield>
  </datafield>
  <datafield tag="856" ind1=" " ind2=" ">
    <subfield code="u">https://www.scielo.br/j/abmvz/a/DGkpZvLx64fvQ6R5ZYZjxsK/?format=pdf&amp;lang=en</subfield>
  </datafield>
  <datafield tag="942" ind1=" " ind2=" ">
    <subfield code="c">Anal&#xED;tica</subfield>
  </datafield>
  <datafield tag="999" ind1=" " ind2=" ">
    <subfield code="c">300474</subfield>
    <subfield code="d">300474</subfield>
  </datafield>
</record>
